000 00902cam a22002531 4500
001 sa 67000169
003 DLC
005 20260227112312.0
008 760227m19649999ii ajbf 000 0 eng
010 _asa 67000169
035 _a(OCoLC)2016939
040 _aDLC
_cNcWsW
_dNSyU
_dOCoLC
_dDLC
042 _apremarc
050 0 0 _aDS485.A55
_bA3 no. 18, etc.
100 1 _aSinha, S. K.,
_d1920-
245 1 0 _aMediaeval history of the Deccan,
_cby S. K. Sinha.
260 _aHyderabad,
_bGovt. of Andhra Pradesh,
_c1964-
300 _av.
_billus., geneal. table, map, plates.
_c29 cm.
490 1 _aAndhra pradesh Government archaeological series,
_vno. 18
504 _aBibliography: v. 1 (p. [225]-228)
505 0 _av. 1. Bahmanids.-v. 2. No individual title.
651 0 _aDeccan (India)
_xHistory.
810 1 _aAndhra Pradesh, India.
_bDepartment of Archaeology.
_tArchaeological series ;
_vno. 18.
999 _c71801
_d71801